Analysis of public management change processes: the case of local government accounting reforms in Germany (Record no. 66120)

000 -LEADER
fixed length control field 00565pab a2200181 454500
008 - FIXED-LENGTH DATA ELEMENTS--GENERAL INFORMATION
fixed length control field 180718b2005 xxu||||| |||| 00| 0 eng d
100 ## - MAIN ENTRY--PERSONAL NAME
Personal name Ridder, Hans-Gerd
245 ## - TITLE STATEMENT
Title Analysis of public management change processes: the case of local government accounting reforms in Germany
260 ## - PUBLICATION, DISTRIBUTION, ETC.
Date of publication, distribution, etc. 2005
300 ## - PHYSICAL DESCRIPTION
Extent p.443-71.
650 ## - SUBJECT ADDED ENTRY--TOPICAL TERM
Topical term or geographic name entry element Local government - Germany
650 ## - SUBJECT ADDED ENTRY--TOPICAL TERM
Topical term or geographic name entry element Administrative reform - Germany
650 ## - SUBJECT ADDED ENTRY--TOPICAL TERM
Topical term or geographic name entry element Administrative reform
700 ## - ADDED ENTRY--PERSONAL NAME
Personal name Spier, Fabian
700 ## - ADDED ENTRY--PERSONAL NAME
Personal name Bruns, Hans-Jurgen
773 ## - HOST ITEM ENTRY
Main entry heading Public Administration
909 ## -
-- 66120
Holdings
Withdrawn status Lost status Damaged status Not for loan Permanent Location Current Location Date acquired Serial Enumeration / chronology Barcode Date last seen Price effective from Koha item type
        Indian Institute of Public Administration Indian Institute of Public Administration 2018-07-19 Volume no: 83, Issue no: 2 AR66572 2018-07-19 2018-07-19 Articles

Powered by Koha